Biologically responsive biomaterials for tissue engineering / (Record no. 8373)
[ view plain ]
| 000 -LEADER | |
|---|---|
| fixed length control field | 00677cam a2200157 i 4500 |
| 020 ## - ISBN | |
| International Standard Book Number | 9781461443278 (hdbk. : acidfree paper) |
| 020 ## - ISBN | |
| Cancelled/invalid ISBN | 9781461443285 (ebook) |
| 050 00 - LIBRARY OF CONGRESS CALL NUMBER | |
| Classification Number | R857.M3 |
| Item Number | B56 2013 |
| 245 00 - TITLE | |
| Title | Biologically responsive biomaterials for tissue engineering / |
| Statement of responsibility, etc | Iulian Antoniac, editor. |
| 260 ## - PUBLICATION, DISTRIBUTION, ETC.(IMPRINT) | |
| Place of publication, distribution, etc | New York [USA] : |
| Name of publisher, distributor, etc | Springer, |
| Date of publication, distribution, etc | c2013. |
| 300 ## - PHYSICAL DESCRIPTION | |
| Extent | x, 254 pages : |
| 500 ## - GENERALNOTE | |
| General note | Includes bibliographic references and index. |
| 650 ## - SUBJECT--TOPIC | |
| General subdivision | Tissue engineering ; |
| -- | Biomedical materials ; |
| -- | Biomedical engineering ; |
| -- | Biomedical materials -- biocompatibility ; |
| -- | Materials science ; |
| -- | Medicine ; |
| -- | Orthopedics ; |
| -- | Cytology. |
| 700 1# - ADDED ENTRY--PERSONAL AUTHOR | |
| Personal Name | Antoniac, Iulian. |
| 942 ## - ADDED ENTRY ELEMENTS(KOHA) | |
| Source of classification or shelving scheme | Library of Congress Classification |
| Koha item type | General circulation |
| Source of classification or shelving scheme | Not for loan | Location (home branch) | Sublocation (holding branch) | Shelving location | Date accessioned | Cost, normal purchase price | Serial Enumeration / chronology | Full call number | Barcode | Cost, replacement price | Nonpublic note | Koha item type | Public note |
|---|---|---|---|---|---|---|---|---|---|---|---|---|---|
| Library of Congress Classification | Main Campus Library | Main Campus Library | 05/08/2015 | 9382.00 | Springer Series in Biomaterials Science and Engineering | R857.M3 B56 2013 | 2015/006952 | 10320.00 | Nzk | General circulation | Nzk |